Chăm sóc sức khỏe không dùng thuốc

"Cuốn sách này dành cho những ai khao khát muốn có một cuộc sống khỏe mạnh hạnh phúc và trường thọ. Hãy dành thời gian để đọc và trải nghiệm."

محفوظ في:
التفاصيل البيبلوغرافية
المؤلف الرئيسي: Chowdhury, Dr Biswaroop Roy
التنسيق: كتاب
اللغة:Vietnamese
منشور في: H. Thông tấn 2017
الموضوعات:
الوسوم: إضافة وسم
لا توجد وسوم, كن أول من يضع وسما على هذه التسجيلة!
Thư viện lưu trữ: Thư viện Trường Đại học Nam Cần Thơ
LEADER 00924nam a22001937a 4500
001 NCT_55784
008 180424b xxu||||| |||| 00| 0 vie d
999 |c 2690  |d 2690 
020 |a 9786048064  |c 190000 
082 0 4 |2 23rd ed.  |a 615.8  |b C854 
100 1 |a Chowdhury, Dr Biswaroop Roy  
245 1 0 |a Chăm sóc sức khỏe không dùng thuốc  |c Dr Biswaroop Roy Chowdhury 
260 |a H.  |b Thông tấn  |c 2017 
300 |a 318tr.  |c 21cm 
520 3 |a "Cuốn sách này dành cho những ai khao khát muốn có một cuộc sống khỏe mạnh hạnh phúc và trường thọ. Hãy dành thời gian để đọc và trải nghiệm." 
653 |a Dược học 
942 |2 ddc  |c BK 
952 |0 0  |1 0  |2 ddc  |4 0  |6 615_800000000000000_C854  |7 0  |9 14934  |a 000001  |b 000001  |d 2019-01-04  |o 615.8 C854  |p MD.14064  |r 2019-01-04  |w 2019-01-04  |y BK 
980 |a Thư viện Trường Đại học Nam Cần Thơ